| Tag |
First Indicator |
Second Indicator |
Subfields |
| LEADER |
00000cam a2200000 i 4500 |
| 001 |
in00000803513 |
| 005 |
20151017100715.0 |
| 008 |
790611s1979 nmua f00010 eng d |
| 010 |
|
|
|a gp 79018026
|
| 020 |
|
|
|c pbk.
|
| 035 |
|
|
|a (OCoLC)05067639
|
| 035 |
|
|
|9 ADT3828AM
|
| 037 |
|
|
|b 87545
|
| 040 |
|
|
|a GPO
|c GPO
|d UtOrBLW
|
| 043 |
|
|
|a n-us---
|
| 074 |
|
|
|a 429-T-4
|
| 086 |
0 |
|
|a E 1.28:LASL-79-21
|
| 100 |
1 |
|
|a Leonard, Ellen M.
|
| 245 |
1 |
0 |
|a Visual simulation of power plant emissions /
|c Ellen M. Leonard.
|
| 264 |
|
1 |
|a Los Alamos, N. M. :
|b Dept. of Energy, [Office of the Assistant Secretary for Defense Programs], Los Alamos Scientific Laboratory,
|c 1979.
|
| 300 |
|
|
|a 4 unnumbered pages :
|b color illustrations ;
|c 28 cm.
|
| 336 |
|
|
|a text
|b txt
|2 rdacontent
|
| 337 |
|
|
|a unmediated
|b n
|2 rdamedia
|
| 338 |
|
|
|a volume
|b nc
|2 rdacarrier
|
| 490 |
0 |
|
|a LASL ; 79-21
|
| 500 |
|
|
|a At head of title ; LASL mini-review.
|
| 500 |
|
|
|a Department of Energy contract W-7405-eng-36.
|
| 500 |
|
|
|a April 1979.
|
| 650 |
|
0 |
|a Smoke plumes.
|
| 650 |
|
0 |
|a Computer simulation.
|
| 710 |
2 |
|
|a Los Alamos Scientific Laboratory.
|
| 999 |
|
|
|a MARS
|
| 999 |
f |
f |
|s 18b7a4dc-6e09-37db-90f1-3f93eb282255
|i 4f45de5f-0a72-31ee-943f-a848b698d8f2
|t 0
|
| 952 |
f |
f |
|p normal
|a Texas A&M University
|b College Station
|c Sterling C. Evans Library
|d Evans: US Documents (Annex 5th floor)
|t 0
|e E 1.28:LASL-79-21
|h Superintendent of Documents classification
|i unmediated -- volume
|m A14835685523
|
| 998 |
f |
f |
|a E 1.28:LASL-79-21
|t 0
|l Evans: US Documents (Annex 5th floor)
|